| Tag |
First Indicator |
Second Indicator |
Subfields |
| LEADER |
00000cam a2200000Ia 4500 |
| 001 |
in00002563321 |
| 005 |
20151201154216.0 |
| 007 |
he amv---bacp |
| 007 |
hd bfv---baap |
| 008 |
980109s1781 enk jb 000 0 eng d |
| 035 |
|
|
|a (OCoLC)ocm38176523
|
| 037 |
|
|
|a CL0021000022
|b ProQuest Information and Learning, 300 N. Zeeb Rd., Ann Arbor, MI 48106-1346
|
| 040 |
|
|
|a OPP
|c OPP
|d UtOrBLW
|
| 043 |
|
|
|a e-uk-en
|
| 049 |
|
|
|a OPPA
|
| 090 |
|
|
|a PZ5
|b .O67 1990 no.022:254.
|
| 100 |
1 |
|
|a Porteus, Beilby,
|d 1731-1809.
|
| 245 |
1 |
2 |
|a A brief confutation of the errors of the Church of Rome :
|b extracted from Archbishop Secker's five sermons against popery, and published for the use of the Diocese of Chester /
|c by the Right Rev. Beilby Porteus, D.D., bishop of that diocese.
|
| 264 |
|
3 |
|a London :
|b Printed for John Rivington, Jun., St. John's-Square, for J.F. and C. Rivington ...,
|c MDCCLXXXI [i.e. 1781]
|
| 300 |
|
|
|a 8 unnumbered pages, 88 pages
|
| 336 |
|
|
|a text
|b txt
|2 rdacontent
|
| 337 |
|
|
|a microform
|b h
|2 rdamedia
|
| 338 |
|
|
|a microfiche
|b he
|2 rdacarrier
|
| 500 |
|
|
|a Cover title.
|
| 501 |
|
|
|a With: The Christian scholar / by White Kennett. 12th ed. London : Printed for J., F. and C. Rivington, 1778 -- The religious instruction of children recommended / by the Rev. James Stonhouse. 3rd ed. London : Printed for J., F. and C. Rivington, [1774?] -- The true Christian method of educating children / by the Right Reverend Father in God, Thomas. 4th ed. London : Printed by J. Rivington, 1775 -- A letter to the clergy of the Diocese of Chester / by Beilby, lord bishop of that diocese. London : Printed for J., F. and C. Rivington, 1782 -- The danger and mischiefs of popery / set forth by the Right Rev. Father in God, Edmund Gibson, D.D. London : Printed for J., F. and C. Rivington, 1779 -- St. Paul's description of his own religion, opened and explained / by the most Reverend Dr. Edward Synge. 5th ed., corr. London : Printed for J., F. and C. Rivington, 1779 -- A charitable address to all who are of the communion of the Church of Rome / by the most Reverend Dr. Edward Synge. New ed., corr. London : Printed for J. Rivington, 1765 -- A sincere Christian and convert from the Church of Rome / by the most Reverend Dr. Edward Synge. New ed., corr. London : Printed for J., F. and C. Rivington, 1780 -- A Protestant catechism, shewing the principal errors of the Church of Rome. London : Printed for J., F. and C. Rivington, 1780 -- Les raisons d'un protestant qui l'empêchent de se faire papiste. A Londres : Chez J. & G. Olivier, 1766 -- A caution against enthusiasm : being the second part of the late Bishop of London's fourth pastoral letter. New ed. London : Printed for J., F. and C. Rivington, 1778.
|
| 500 |
|
|
|a Reproduction of original in the Bodleian Library.
|
| 510 |
4 |
|
|a Opie
|c L 277
|
| 533 |
|
|
|a Microfiche.
|b Ann Arbor, Mich.
|c UMI,
|d 1996.
|e 7 microfiche.
|f (Opie collection of children's literature ; 022:254).
|7 s1996 miun b
|
| 500 |
|
|
|a Microform.
|
| 650 |
|
0 |
|a Anti-Catholicism
|z England.
|
| 700 |
1 |
|
|a Secker, Thomas,
|d 1693-1768.
|
| 830 |
|
0 |
|a Opie collection of children's literature ;
|v 022:254.
|
| 999 |
|
|
|a MARS
|
| 999 |
f |
f |
|s 7a63c801-2d6e-33ce-b600-73f00f0ef8f7
|i 96614832-2ff5-36e1-b201-fcc290427e58
|t 0
|
| 952 |
f |
f |
|a Texas A&M University
|b College Station
|c Sterling C. Evans Library
|d Evans: Microforms Fiche (3rd floor)
|t 0
|e PZ5 .O67 1990 no.022:254.
|h Library of Congress classification
|
| 998 |
f |
f |
|a PZ5 .O67 1990 no.022:254.
|t 0
|l Evans: Microforms Fiche (3rd floor)
|